书目信息 |
| 题名: |
句子功能的线性实例化研究
|
|
| 作者: | 司罗红 著 | |
| 分册: | ||
| 出版信息: | 北京 中国社会科学出版社 2016 |
|
| 页数: | 244页 | |
| 开本: | 24cm | |
| 丛书名: | ||
| 单 册: | ||
| 中图分类: | H043 | |
| 科图分类: | ||
| 主题词: | 句子--ju zi--功能--研究 | |
| 电子资源: | ||
| ISBN: | 978-7-5161-8595-7 | |
| 000 | 00936nam0 22002411 450 | |
| 001 | 0118172307 | |
| 005 | 20170618172307.0 | |
| 010 | @a978-7-5161-8595-7@dCNY60.00 | |
| 100 | @a20161027d2016 kemy0chiy50 ea | |
| 101 | 0 | @achi@deng |
| 102 | @aCN@b110000 | |
| 105 | @ay v 000yy | |
| 106 | @ar | |
| 200 | 1 | @a句子功能的线性实例化研究@Aju zi gong neng de xian xing shi li hua yan jiu@f司罗红著 |
| 210 | @a北京@c中国社会科学出版社@d2016 | |
| 215 | @a244页@d24cm | |
| 300 | @a郑州大学基础与新兴学科项目支持 | |
| 330 | @a本书按照句子功能研究应当回归句法层面的思想,重新确定了句子功能的性质和范围,认为句子功能是作用于全句的非线性特征,它们必须通过移位、加标、重叠、删除等有限的句法操作手段改变句子的线性结构,在句子的表层结构得到体现,形成相应的句子。 | |
| 606 | 0 | @a句子@Aju zi@x功能@x研究 |
| 690 | @aH043@v5 | |
| 701 | 0 | @a司罗红@Asi luo hong@f(1981~)@4著 |
| 801 | 0 | @aCN@bTANGWEI@c20170615 |
| 905 | @b1009269-74@dH043@e85@f6 | |
| 句子功能的线性实例化研究/司罗红著 .-北京:中国社会科学出版社,2016 |
| 244页;24cm |
| 郑州大学基础与新兴学科项目支持 |
| ISBN 978-7-5161-8595-7:CNY60.00 |
| 本书按照句子功能研究应当回归句法层面的思想,重新确定了句子功能的性质和范围,认为句子功能是作用于全句的非线性特征,它们必须通过移位、加标、重叠、删除等有限的句法操作手段改变句子的线性结构,在句子的表层结构得到体现,形成相应的句子。 |
| ● |
| 相关链接 |
|
|
|
|
正题名:句子功能的线性实例化研究
索取号:H043/85
 
预约/预借
| 序号 | 登录号 | 条形码 | 馆藏地/架位号 | 状态 | 备注 |
| 1 | 1009269 | 210092692 | 第二样本阅览室/ [索取号:H043/85] | 在馆 | |
| 2 | 1009270 | 210092709 | 教育系资料室/ [索取号:H043/85] | 在馆 | |
| 3 | 1009271 | 210092718 | 教育系资料室/ [索取号:H043/85] | 在馆 | |
| 4 | 1009272 | 210092727 | 教育系资料室/ [索取号:H043/85] | 在馆 | |
| 5 | 1009273 | 210092736 | 第四借阅区/ [索取号:H043/85] | 在馆 | |
| 6 | 1009274 | 210092745 | 第四借阅区/ [索取号:H043/85] | 在馆 |